Szczegóły MARC21

Prawo papierów wartościowych : testy, kazusy, tablice /

003 -Nazwa inst., której nr kontr. jest w polu 001 [,]
    • @
    • Nazwa instytucji, której n kontrolny jest w polu 001
    • NUKAT
005 -DATA I CZAS OSTATNIEJ MODYFIKACJI [,]
    • @
    • pole kontrolne
    • 20241231114359.0
020 -Międzynarod. znormalizowany nr książki - ISBN [ , ]
    • a
    • Numer ISBN
    • 9788325511562 Find
020 -Międzynarod. znormalizowany nr książki - ISBN [ , ]
    • a
    • Numer ISBN
    • 9788325534783 Find
    • q
    • Dopowiedzenie
    • e-book
040 -Instytucja sporządzająca opis [ , ]
    • a
    • Instytucja, która sporządziła opis (NP)
    • KR U/16MS
    • c
    • Instytucja, która sporządziła rekord (NP)
    • KR U/16MSs
    • d
    • Instytucja, która zmodyfikowała rekord (P)
    • KR U/16MS
942 -Rodzaj dokumentu [ , ]
    • c
    • Rodzaj dokumentu
    • Książka
100 -Hasło główne - nazwa osobowa [1, ]
    • a
    • Nazwa osobowa (NP)
    • Kuklo, Marta Janina
    • d
    • Daty biograficzne (NP)
    • (1981- ).
    • 9
    • KHW
    • 42082
245 -Strefa tytułu i oznaczenia odpowiedzialności [1,0]
    • a
    • Tytuł
    • Prawo papierów wartościowych : Find
    • b
    • Ciąg dalszy tytułu (NP)
    • testy, kazusy, tablice / Find
    • c
    • Pozostałe elementy strefy tytułu i oznaczenia odpowiedzialności (NP)
    • Marta Janina Skrodzka, Karol Skrodzki, Marek Zaremba.
250 -Strefa wydania [ , ]
    • a
    • Oznaczenie wydania (NP)
    • [Stan prawny na dzień 1.10.2011 r.].
260 -Strefa adresu wydawniczego [ , ]
    • a
    • Miejsce wydania (P)
    • Warszawa :
    • b
    • Nazwa wydawcy (P)
    • C.H. Beck,
    • c
    • Data wydania (P)
    • 2012.
300 -Strefa opisu fizycznego [ , ]
    • a
    • Określenie formy książki i/lub objętość (NP)
    • XIV, 127 s. :
    • b
    • Oznaczenie ilustracji (NP)
    • il. ;
    • c
    • Format (NP)
    • 24 cm.
336 -Typ zawartości [ , ]
    • a
    • Termin opisujący typ zawartości
    • Tekst
    • b
    • Kod określający zawartość
    • txt
    • 2
    • Źródło (terminu i kodu)
    • rdacontent
337 -Typ mediów [ , ]
    • a
    • Tryb odtwarzania
    • Bez urządzenia pośredniczącego
    • b
    • Kod typu mediów
    • n
    • 2
    • Źródło (terminu i kodu)
    • rdamedia
338 -Typ/rodzaj nośnika [ , ]
    • a
    • Hasło opisujące typ nośnika
    • Wolumin
    • b
    • Kod typu nośnika
    • nc
    • 2
    • Źródło (terminu i kodu)
    • rdacarrier
490 -Strefa serii i książki wielotomowej - forma nie do wyszukiwania [1, ]
    • a
    • Tytuł (P)
    • Repetytoria C.H. Beck Find
830 -Hasło dodatkowe serii i opisu książki wielotomowej - tytuł ujednolicony/tytuł [ ,0]
    • a
    • Tytuł ujednolicony/tytuł (NP)
    • Repetytoria Becka
    • 9
    • KHW
    • 42081
500 -Uwaga ogólna [ , ]
    • a
    • Uwaga ogólna (NP)
    • Oznaczenie stanu prawnego z przedm.
504 -Uwaga dot. bibliogr. załącznikowej [ , ]
    • a
    • Uwaga dot. bibliografii załącznikowej
    • Bibliogr. s. {XI}. Indeks.
080 -Uniwersalna Klasyfikacja Dziesiętna [ , ]
    • 2
    • Identyfikator wydania tablic
    • UDC-P058
    • 9
    • UKD
    • 3561
    • a
    • Symbol klasyfikacji
    • 347.731
    • b
    • Dopowiedzenie
    • Instytucje pośrednictwa handlowego. Rynek kapitałowy. Giełdy papierów wartościowych. Giełdy towarowe. Prawo giełdowe. Prawo papierów wartościowych. Targi. Wystawy
    • 4
    • UKD2
    • 7642
    • x
    • Poddział wspólny
    • (438)
    • c
    • Dopowiedzenie poddz. wspólnego
    • (Polska).
    • 4
    • UKD2
    • 8292
    • x
    • Poddział wspólny
    • (075.4)
    • c
    • Dopowiedzenie poddz. wspólnego
    • (Podręczniki do samokształcenia. Samouczki).
650 -Hasło przedmiotowe [ ,7]
    • a
    • Hasło przedmiotowe
    • Papiery wartościowe
    • x
    • Określnik rzeczowy
    • prawo
    • z
    • Określnik geograficzny
    • Polska
    • v
    • Określnik formalny
    • podręczniki akademickie.
    • 2
    • Źródło terminu
    • kaba
    • 9
    • KHW
    • 369563
650 -Hasło przedmiotowe [ ,7]
    • a
    • Hasło przedmiotowe
    • Papiery wartościowe
    • x
    • Określnik rzeczowy
    • prawo
    • z
    • Określnik geograficzny
    • Polska
    • v
    • Określnik formalny
    • studium przypadku.
    • 2
    • Źródło terminu
    • kaba
    • 9
    • KHW
    • 369564
650 -Hasło przedmiotowe [ ,7]
    • a
    • Hasło przedmiotowe
    • Papiery wartościowe
    • x
    • Określnik rzeczowy
    • prawo
    • z
    • Określnik geograficzny
    • Polska
    • v
    • Określnik formalny
    • tabele, wykresy.
    • 2
    • Źródło terminu
    • kaba
    • 9
    • KHW
    • 369565
650 -Hasło przedmiotowe [ ,7]
    • a
    • Hasło przedmiotowe
    • Papiery wartościowe
    • x
    • Określnik rzeczowy
    • prawo
    • z
    • Określnik geograficzny
    • Polska
    • v
    • Określnik formalny
    • zadania i ćwiczenia.
    • 2
    • Źródło terminu
    • kaba
    • 9
    • KHW
    • 369566
980 -Symbol UKD [ , ]
    • a
    • UKD
    • 347.731(438)(075.4)
700 -Hasło dodatkowe - nazwa osobowa [1, ]
    • a
    • Nazwa osobowa (NP)
    • Skrodzki, Karol. Find
    • 9
    • KHW
    • 42083
700 -Hasło dodatkowe - nazwa osobowa [1, ]
    • a
    • Nazwa osobowa (NP)
    • Zaremba, Marek Find
    • c
    • Dopowiedzenie inne niż daty biograficzne (NP)
    • (prawo).
    • 9
    • KHW
    • 42084
710 -Hasło dodatkowe - nazwa ciała zbiorowego [2, ]
    • a
    • Nazwa ciała zbiorowego lub nazwa geograficzna jako pierwszy element (NP)
    • Wydawnictwo C.H. Beck.
    • 4
    • Kod relacji
    • pbl
    • 9
    • KHW
    • 52679
920 -ISBN [ , ]
    • a
    • ISBN
    • 978-83-255-1156-2 Find
920 -ISBN [ , ]
    • a
    • ISBN
    • 978-83-255-3478-3 Find
    • q
    • Dopowiedzenie
    • e-book
Numer inwentarzowy Status udost. Lokalizacja Data inwentaryzacji Sygnatura
SA.209651BSA2012-04-25SA.20965